00900na a2200217 450000100060000000300080000600500170001400800410003104000250007208200240009710000320012124500950015324600700024826000380031830000240035649000270038050001470040750000680055465000370062265700230065916860MIRAKIL20181213154736.0161015b tu 000 0  aMilasbturcTR-AnCHP a345.0263bE62t 1984 aErdurak, Yılmaz Güngör aTürk Ceza Kanunubve cezaların infazı hakkında kanun (ve bu kanunla ilgili tüzük) acezaların infazı hakkında kanun ve bu kanunla ilgili tüzük aAnkarabSavaş Yayınlarıc1984 axv, 1334 s.c25 sm. aSavaş yayınlarıv9 aEn son değişiklikleriyle birlikte Yargıtay İçtihadı Birleştirme, Ceza Genel Kurulu ve Ceza Daireleri kararlarını kapsamaktadır. aEser adı başında: En son değişiklikleriyle içtihatlı aCeza hukukuxKanunlarzTürkiye aTürk Ceza Kanunu